01128nam a22002177a 4500003000400000020001500004082001500019100001900034245003900053250000800092260002800100300000800128650002800136942001200164952014100176952014400317952014400461952014400605952014400749999001700893SGT a9384266167 a668.5bKUM aKUMAR DALIP J  aA CONCISE BOOK OF COSMETIC SCIENCE a2ND aINDIAbBIRLA PUB c2025 a128 aPHARMACEUTICAL SCIENCES 2ddccBK 00102ddc40718FSaSSSLbSSSLcREFd2025-10-16eABC DELHI g200.00iSGTUo668.5 KUMpDP436r2025-10-16 00:00:00w2025-09-17yBKk21721 00102ddc40708FSaSSSLbSSSLcTXTd2025-10-16eABC DELHI g200.00iSGTUl0o668.5 KUMpDP437r2025-10-16 00:00:00w2025-09-17yBKk21721 00102ddc40708FSaSSSLbSSSLcTXTd2025-10-16eABC DELHI g200.00iSGTUl0o668.5 KUMpDP438r2025-10-16 00:00:00w2025-09-17yBKk21721 00102ddc40708FSaSSSLbSSSLcTXTd2025-10-16eABC DELHI g200.00iSGTUl0o668.5 KUMpDP439r2025-10-16 00:00:00w2025-09-17yBKk21721 00102ddc40708FSaSSSLbSSSLcTXTd2025-10-16eABC DELHI g200.00iSGTUl0o668.5 KUMpDP440r2025-10-16 00:00:00w2025-09-17yBKk21721 c32838d32838